000 00311nam a22001337a 4500
008 170502b xxu||||| |||| 00| 0 eng d
020 _a9780130285737
041 _aeng
080 _25 ED
_a343.9
100 _a13
101 _aSHJ
245 _aCOMTEPORARAY CRIMINAL PROCEDURE
_cHOLTZ.L.E
942 _2udc
_cBK
999 _c12387
_d12387